| 000 | 00435nam a2200157Ia 4500 | ||
|---|---|---|---|
| 005 | 20250424120236.0 | ||
| 008 | 250424s9999 xx 000 0 und d | ||
| 022 | _a0015198X | ||
| 050 | _aHG 4501 .A7/ | ||
| 245 | 0 | _aFinancial analysts journal | |
| 260 | _bFaculty of Social Sciences, University of Lagos | ||
| 260 | _c2004 | ||
| 300 | _av. , 94 p. : ill. ; 28 cm. | ||
| 650 | _aInvestment analysis--Periodicals. | ||
| 942 | _cSR | ||
| 999 |
_c38194 _d38194 |
||